| 000 | 00603nam a2200181 i 4500 | ||
|---|---|---|---|
| 001 | 76001 | ||
| 003 | ES-MaACL | ||
| 005 | 20230906172702.0 | ||
| 007 | t| | ||
| 008 | 040928s1981 sp ||||1| spa d | ||
| 100 | 1 |
_aGroethuysen, Bernard. _960114 |
|
| 245 | 1 | 3 |
_aLa formación de la conciencia burguesa en Francia durante el siglo XVIII / _cBernhard Groethuysen ; traducción y prólogo de José Gaos. |
| 250 | _a[1ª ed.]. | ||
| 260 |
_a[Madrid] : _bFondo de Cultura Económica, _c[1981] |
||
| 300 |
_aXV, 647 p. ; _c22 cm. |
||
| 700 | 1 |
_aGaos, José. _953902 |
|
| 852 |
_aES-MaACL _jL-2614 _bR.102996 |
||
| 999 |
_c76001 _d76001 |
||